000 00362pam a2200157a 44500
008 230515b1997 xxu||||| |||| 00| 0 eng d
020 _aNULL
041 _aNULL
082 _a658
100 _aCLAYTON & CHRISTONSON
245 _aINNOVATORS DILEMMA
250 _a1997
260 _aNULL
_bHARCOURT PRIVATE LIMITED
_c1997
300 _a"XXVII
650 _a995
999 _c661645
_d661645